'Αβυσσος
Αποθηκεύτηκε σε:
| Κύριος συγγραφέας: | |
|---|---|
| Άλλοι συγγραφείς: | |
| Μορφή: | Βιβλίο |
| Γλώσσα: | Greek |
| Δημοσίευση: |
Αθήνα :
Πατάκης,
c2005.
|
| Σειρά: | Σύγχρονοι κλασικοί (Πατάκης)
; 23 |
| Θέματα: | |
| Ετικέτες: |
Προσθήκη ετικέτας
Δεν υπάρχουν, Καταχωρήστε ετικέτα πρώτοι!
|
MARC
| LEADER | 00000cam a2200000 i 4500 | ||
|---|---|---|---|
| 001 | 1/51608 | ||
| 008 | 140715s20042005gr | ||| |||| ||gre|| | ||
| 020 | |a 9789601623566 | ||
| 035 | |l 10118360 | ||
| 040 | |a GR-MyUA |b gre |e AACR2 | ||
| 041 | 1 | |a gre |h esp | |
| 082 | 0 | |a 863 |2 (23) | |
| 100 | 1 | |a Laforet, Carmen |d 1921-2004. | |
| 245 | 1 | 0 | |a 'Αβυσσος / |c Κάρμεν Λαφορέτ ; πρόλογος Μάριο Βάργκας Γιόσα ; μετάφραση Χριστίνα Θεοδωροπούλου. |
| 260 | |a Αθήνα : |b Πατάκης, |c c2005. | ||
| 300 | |a 338 σ. ; |c 21 εκ. | ||
| 490 | 1 | |a (Σύγχρονοι κλασικοί (Πατάκης) |v ; 23) | |
| 500 | |a Τίτλος πρωτοτύπου: Nada. | ||
| 650 | 0 | 0 | |a Spanish fiction |y 20th century. |
| 700 | 1 | |a Θεοδωροπούλου, Χριστίνα, |e trlf | |
| 830 | 0 | |a Σύγχρονοι κλασικοί (Πατάκης) |v ; 23 | |
| 852 | |a INST |b LEMNOS |e 20140715 |h 863 LAF |p 005600001705 |q 005600001705 |t BK |y 0 | ||
| 901 | |a BIBL6-2014-2 | ||
| 909 | |a Μ |b 161444 | ||
| 922 | |a 6ΕΛΗ | ||
| 970 | |a ΜΟΣΧΟΒΗ |b ΕΥΑΓΓΕΛΙΑ |z 2014/07/15 | ||